[Event "Figueres Region-ch"]
[Site "Figueres	"]
[Date "2021.10.02"]
[Round "2"]
[White "Valle Maytin, Luis Enrique"]
[Black "Verdaguer Planella, Pol"]
[Result "1-0"]
[WhiteElo "2284"]
[BlackElo "1676"]
[PlyCount "87"]
[EventDate "2021.09.25"]
[EventType "swiss"]
[EventRounds "9"]
[EventCountry "ESP"]
[SourceTitle "EXT 2023"]
[Source "ChessBase"]
[SourceDate "2022.10.05"]
[SourceVersion "1"]
[SourceVersionDate "2022.10.05"]
[SourceQuality "1"]

1. d4 d5 2. Nf3 Nf6 3. e3 e6 4. Nbd2 c6 5. Bd3 Nbd7 6. 0-0 Bd6 7. b3 0-0 8. Bb2 b6 9. Ne5 Bb7 10. f4 c5 11. Qf3 Rc8 12. Nxd7 Nxd7 13. Qh3 f5 14. Nf3 Rf6 15. dxc5 Rh6 16. Qxh6 gxh6 17. cxd6 Nc5 18. Be5 Ba6 19. Bxa6 Nxa6 20. Nd4 Kf7 21. Rf3 Qd7 22. Rh3 Rg8 23. Rxh6 Nc5 24. Rxh7+ Ke8 25. Rxd7 Kxd7 26. g3 Ne4 27. Kg2 Rg6 28. Ne2 Rg8 29. h4 Rc8 30. c3 b5 31. b4 a6 32. a4 d4 33. Bxd4 Kxd6 34. axb5 axb5 35. h5 Kd5 36. h6 Nd6 37. Ra7 Nc4 38. h7 e5 39. Bxe5 Nxe5 40. fxe5 Kxe5 41. Rg7 Rh8 42. Nf4 Kf6 43. Rb7 Kg5 44. Rb6 1-0

[Event "Figueres op 8th"]
[Site "Figueres"]
[Date "2018.12.30"]
[Round "8.10"]
[White "Verdaguer Planella, Pol"]
[Black "Guell Barnada, Jordi"]
[Result "0-1"]
[WhiteElo "1431"]
[BlackElo "1760"]
[PlyCount "94"]
[EventDate "2018.12.27"]
[EventType "swiss"]
[EventRounds "8"]
[EventCountry "ESP"]
[SourceTitle "EXT 2024"]
[Source "ChessBase"]
[SourceDate "2023.10.10"]
[SourceVersion "1"]
[SourceVersionDate "2023.10.10"]
[SourceQuality "1"]

1. e4 c5 2. Nf3 g6 3. d4 cxd4 4. Nxd4 Nc6 5. Be3 Bg7 6. c4 Nf6 7. Nc3 0-0 8. Be2 d6 9. 0-0 Ng4 10. Bxg4 Bxg4 11. Nxc6 Bxd1 12. Nxd8 Bg4 13. Nxb7 Rfb8 14. Na5 Rxb2 15. Rfc1 Bd7 16. Nb3 a5 17. Bd4 a4 18. Bxg7 axb3 19. Bd4 e5 20. Be3 bxa2 21. Rd1 Be6 22. Nd5 Bxd5 23. cxd5 Rab8 24. Bc1 Rc2 25. h3 Rb1 26. Ba3 Rb3 27. Bxd6 f6 28. Kh2 Kf7 29. f3 Rbb2 30. Rg1 h5 31. Ba3 Rb3 32. Bd6 h4 33. Rgd1 Rxf3 34. Rdc1 Rff2 35. Rxc2 Rxc2 36. Ba3 f5 37. Rf1 f4 38. Bd6 Kf6 39. Ba3 Re2 40. d6 Ke6 41. Rd1 Kd7 42. Rc1 Rd2 43. Rc7+ Kd8 44. Rc1 f3 45. Bc5 f2 46. Bb4 Rb2 47. Ba5+ Kd7 0-1